000 00726nam a2200169 4500
001 117410
003 ES-MaACL
005 20250813063318.0
007 t|
008 070214s1964 sp r ||||1| spa d
100 1 _aPeces-Barba del Brío, Gregorio,
_d1912-1997
_989836
245 1 0 _aLegislación de arrendamientos urbanos
_b: Texto de la Ley de 22 de diciembre de 1955 con las modificaciones de la Ley de 11 de junio de 1964. Tabla de correlación de artículos entre la vigente y la de 1964 /
_clegislación complementaria e índice alfabético por Gregorio Peces-Barba del Brío.
260 _aMadrid :
_b`Lex`,
_c1964.
300 _a313 p. ;
_c18 cm.
852 _aES-MaACL
_jC-25735
999 _c117410
_d117410